Vista normal
Vista MARC
Entrada Materia (tema)
Número de registros utilizados en: 1
001 - CONTROL NUMBER
- control field: 72993
003 - CONTROL NUMBER IDENTIFIER
- control field: Co-BoUCM
005 - DATE AND TIME OF LATEST TRANSACTION
- control field: 20151030100327.0
008 - FIXED-LENGTH DATA ELEMENTS
- fixed length control field: 151030|| aca||aabn | a|a d
040 ## - CATALOGING SOURCE
- Original cataloging agency: Co-BoUCM
- Transcribing agency: Co-BoUCM
150 ## - HEADING--TOPICAL TERM
- Topical term or geographic name as entry element: Ilustración
- General subdivision: América Latina
670 ## - SOURCE DATA FOUND
- Source citation: Work cat.: (Co-BoUCM)55626: Científicos criollos e Ilustración, 1999